EPIC: The Musical - Puppeteer - Statistics

General Stats
  • This quiz has been taken 216 times
  • The average score is 430 of 498
Answer Stats
% Correct
a
100%
I
100%
I,
100%
you
100%
you?!
100%
you,
100%
do
99%
go
99%
Go
99%
go,
99%
no
99%
No,
99%
Eurylochus No
99%
of
99%
Odysseus Of
99%
the
99%
to
99%
we
99%
Eurylochus | Odysseus We
99%
what
99%
Odysseus What.
99%
What
99%
your
99%
don't
98%
don't!
98%
have
98%
in
98%
in.
98%
Odysseus What was it?
98%
be
97%
Circe Come inside!
97%
confess.
97%
Odysseus Eurylochus,
97%
got
97%
I'm
97%
is
97%
it
97%
It
97%
killed? (My nymphs and I,)
97%
me
97%
rest.
97%
rest
97%
Eurylochus She
97%
she
97%
so
97%
some
97%
something
97%
Something
97%
this
97%
this!
97%
us
97%
was
97%
and
96%
And
96%
Eurylochus But captain..
96%
Eurylochus Captain,
96%
Captain?
96%
get
96%
I've got all the power.
96%
just
96%
men, (The world does not,)
96%
my
96%
not
96%
power
96%
power.
96%
power,
96%
that
96%
words.
96%
Eurylochus A woman.
95%
best
95%
But
95%
but
95%
can
95%
had
95%
must
95%
on
95%
two
95%
Circe Welcome
95%
all
94%
back
94%
chest..
94%
like
94%
like.
94%
now.
94%
now,
94%
off
94%
outside,
94%
quick. (We pay to live)
94%
soon?
94%
worry
94%
By
93%
crew?
93%
inside
93%
inside..
93%
stayed
93%
went
93%
Circe's
92%
make
92%
only
92%
Eurylochus Only
92%
palace,
92%
sure
92%
sure.
92%
tails. (Mistakes you make.)
92%
happened
91%
island
91%
left
91%
lives!
91%
part
91%
secure.
91%
Where's
91%
for
90%
Eurylochus/Circe For
90%
from
90%
From
90%
gods,
90%
Gods,
90%
hear
90%
know
90%
know.
90%
Circe/The Crew Take
90%
there
90%
came
89%
monsters,
89%
wait
89%
across
88%
are
88%
cannot
88%
more,
88%
more
88%
weak
88%
Let
87%
Eurylochus Sir!
87%
twist,
87%
voice.
87%
voice
87%
Odysseus Damn.
86%
heard
86%
hell
86%
home,
86%
Eurylochus Okay.
86%
say
86%
Since
86%
Odysseus There's
86%
cause
85%
could
84%
faced
84%
much
84%
show
84%
nothing
83%
our
83%
variety
82%
Whatever
82%
wherever
82%
ahead
81%
prepare
81%
Until
81%
endure.
80%
No, I'm not a player, I'm a puppeteer.
80%
puppeteer.
80%
puppeteer,
80%
said,
80%
time
80%
No, I don't play,
79%
play,
79%
seemed
79%
foes
78%
they
78%
They
78%
too
78%
at
77%
I puppeteer, yeah.
77%
Circe I've got all the power, yeah
77%
late.
77%
malice,
77%
player,
77%
yeah,
77%
yeah.
77%
choice.
76%
need
76%
you're
76%
awaited
74%
far
74%
them!
74%
them.
74%
tired
74%
resist,
73%
roster!
73%
ate,
72%
men
72%
years
72%
bring
71%
greet
71%
we've
71%
Odysseus What did this palace hide?
71%
cast
70%
places.
70%
save
70%
save.
70%
course
69%
Circe I've
68%
spent
67%
done.
66%
hope
66%
I'd
66%
if
66%
run.
66%
same.
66%
wide
66%
range
65%
leave
64%
you'd
64%
bet
63%
squeal, (They'll be the last,)
63%
changed
62%
creatures
62%
Every
62%
can't
61%
everything
60%
her
60%
lost
60%
sleep
60%
Hostile
59%
hard
58%
knowing
58%
began
57%
hardly
57%
Let's
57%
let's
57%
Think
57%
turned
57%
Look
56%
grow
55%
learned.
53%
wouldn't
52%
wasn't
50%
meal, (Think of your past,)
47%
spell, (And your mistakes.)
47%
than
46%
Will
46%
length
45%
none.
45%
before
43%
transformed, (This is the price,)
43%
witch, (This is the price,)
43%
Eurylochus/Circe She's
42%
she's
42%
about
41%
earned.
41%
snouts
41%
clever
40%
cut
39%
Odysseus I have to try.
37%
losses,
37%
pigs! (Tend to forgive.)
37%
single
37%
It's
35%
still! (No one will find,)
34%
then? (Their loving queen.)
34%
cost
33%
game
32%
slay. (We pay to love)
32%
deceives. (Their way between)
30%
play. (Watch from above.)
25%
wits! (We draw the line,)
23%
eat. (Aye!)
6%
feet. (Aye!)
6%
seat. (Aye!)
6%
No matching quizzes found
Score Distribution
Percent of People with Each Score
Percentile by Number Answered
Your Score History
You have not taken this quiz